The Ireland Quiz Stats

Quiz Updated Dec 6, 2016

Also try: The Australia Quiz
Challenge
Share
Tweet
Embed
Score 0/50 Timer 07:00
1 Play Today
Hint Answer % Correct
Flag ColorGreen
98.9%
Flag ColorWhite
98.4%
Capital CityDublin
96.8%
Largest CityDublin
96.8%
Flag ColorOrange
96.4%
Official LanguageIrish (Gaelic)
92.2%
CurrencyEuro (EUR)
90.7%
Bordering SeaIrish Sea
89%
Nationality (Demonym)Irish
89%
Official LanguageEnglish
88.7%
Largest Religious DenominationRoman Catholic
85.9%
Independence fromUnited Kingdom
85.9%
Bordering CountryUnited Kingdom
85.9%
Lowest Point (0 m)Atlantic Ocean
85.7%
ContinentEurope
85.6%
Bordering OceanAtlantic Ocean
84.9%
Official NameIreland
84.4%
Drives on the...Left
78.4%
Most Popular SportGaelic Football
76.6%
Age of Suffrage18
72.4%
Symbolic Plant of IrelandShamrock
71.9%
Second Largest CityCork
69.6%
Largest CountyCork
69.6%
Famous ''Kissing Stone''Blarney Stone
65.6%
Largest Island*Ireland
62%
Hint Answer % Correct
Popular Irish Dry Stout DrinkGuinness
61.6%
National HolidaySaint Patrick's Day (March 17th)
58.2%
# of Counties26
45.8%
Fourth Largest CityGalway
41.4%
Oldest Institution of Higher LearningTrinity College
41%
Internet Country Code.ie
39.7%
Famous Irish Folklore FairyLeprechaun
39.3%
Third Largest CityLimerick
37.3%
Longest RiverRiver Shannon
35.1%
Symbol on Coat of ArmsGaelic Harp
30.4%
Fifth Largest CityWaterford
25.5%
Largest StadiumCroke Park
24.5%
Prime Minister (Taoiseach)Leo Varadkar
22.8%
PresidentMichael D. Higgins
22.8%
First TaoiseachWilliam T. Cosgrave
19.7%
National AnthemThe Soldier's Song
19.4%
Smallest CountyLouth
17.3%
Bordering SeaCeltic Sea
14.7%
Parliament BuildingLeinster House
10.1%
First PresidentDouglas Hyde
9.9%
Second Largest IslandAchill Island
9.7%
First National ParkKillarney National Park
9.5%
Highest Point (1,041 m)Carrauntoohil
6.8%
Largest LakeLough Corrib
5.6%
Independence DayDecember 6, 1922
4.1%

You're not logged in!

Compare scores with friends on all Sporcle quizzes.
Sign Up with Email
OR
Log In

You Might Also Like...

Show Comments

Extras

Top Quizzes Today


Score Distribution

Your Account Isn't Verified!

In order to create a playlist on Sporcle, you need to verify the email address you used during registration. Go to your Sporcle Settings to finish the process.